Bilecik Bilecik Bilecik Bilecik Bilecik

Software engineering : (Record no. 23450)

MARC details
000 -BAŞLIK
Sabit Uzunluktaki Kontrol Alanı 00980nam a22003137a 4500
001 - KONTROL NUMARASI
Control Dosyası 0023495
003 - KONTROL NUMARASI KİMLİĞİ
Kontrol Alanı KOHA_MİRAKIL
005 - EN SON İŞLEM TARİHİ ve ZAMANI
Kontrol Alanı 20260207002412.0
007 - FİZİKSEL TANIM SABİT ALAN - GENEL BİLGİ
Sabit uzunluklu kontrol alanı ta
008 - SABİT UZUNLUKTAKİ VERİ ÖGELERİ - GENEL BİLGİ
Sabit Alan 101027b2005 enk |||gr||||#||||0|eng |
020 ## - ISBN - ULUSLARARASI STANDART KİTAP NUMARASI
Isbn 0071238409
040 ## - KATALOGLAMA KAYNAĞI
Özgün Kataloglama Kurumu TR-BiSEU
Kataloglama Dili tur
Çeviri Kurumu TR-BiSEU
Açıklama Kuralları rda
041 0# - DİL KODU
Metin ya da ses kaydının dil kodu eng
044 ## - YAYINLAYAN/ÜRETEN KURULUŞUN ÜLKE KODU
ISO country code enk
050 ## - SINIFLAMA ve YER NUMARASI
Sınıflama Numarası QA76.75
Yer Numarası .P74 2005
100 1# - KİŞİ ADI
Yazar Adı (Kişi adı) Pressman, Roger S..
245 1# - ESER ADI BİLDİRİMİ
Başlık Software engineering :
Alt Eseradı vb. a practitioner's approach/
Sorumluluk Bildirimi Roger S. Pressman ; Roger S. Pressman.
264 #1 - ÜRERİM, YAYIN, DAĞITIM ve TELİF BİLDİRİMİ
Yayın yeri Boston :
Yayınlayan McGraw-Hill
Yayın tarihi 2005
300 ## - FİZİKSEL TANIMLAMA
Sayfa, Cilt vb. xxviii, 860 sayfa: resimli; 24 cm.
336 ## - İÇERİK TÜRÜ
Content type term metin
Content type code txt
Source rdacontent
337 ## - MEDYA TÜRÜ
Media type term aracısız
Media type code n
Source rdamedia
338 ## - TAŞIYICI TÜRÜ
Carrier type term cilt
Carrier type code nc
Source rdacarrier
490 0# - DİZİ BİLDİRİMİ
Dizi Bildirimi McGraw-Hill series in computer science
500 ## - GENEL NOT
Genel Not Kaynakça ve dizin var.
650 #0 - KONU BAŞLIĞI EK GİRİŞ - KONU TERİMİ
Konusal terim veya coğrafi ad Yazılım mühendisliği.
9 (RLIN) 4053
650 #0 - KONU BAŞLIĞI EK GİRİŞ - KONU TERİMİ
Konusal terim veya coğrafi ad Software engineering.
9 (RLIN) 4054
830 0# - SERİ EK GİRİŞİ - TEKBİÇİM ESER ADI
Tekbiçim Başlık McGraw-Hill series in computer science
9 (RLIN) 11707
942 ## - EK GİRİŞ ÖGELERİ (KOHA)
Source of classification or shelving scheme Library of Congress Classification
Koha item type Book
Holdings
Materyal Türü Kalıcı Konum Mevcut Konum Raf Yeri Sınıflandırma Kaynağı Edinim Bilgisi Ana Konular Alt Konular Yer Numarası Demirbaş Numarası Fatura Tarihi Maliyet, Alış Fiyatı Maliyet, Yenileme Fiyatı Geri Çekilme Durumu Kayıp Durumu Hasarlı Durumu Kredi için değil Kayıt Tarih Toplam Ödünçverme Son Görülme Tarihi Son Kontrol Tarihi Genel / Bağış Notu
Book Prof. Dr. Azmi Özcan Kütüphanesi Prof. Dr. Azmi Özcan Kütüphanesi Birûni Salonu Library of Congress Classification Bağış BİLİM Matematik QA76.75 .P74 2005 0023495 14/12/2010 85.00 85.00         27/10/2010 1 05/12/2024 05/12/2024 Marmara Çağdaş Eğitim Vakfı